Loučení se Sidonií /

Hlavní autor: Hackl, Erich, 1954-
Další autoři: Bláhová, Alena, 1954-2024
Jazyk: Čeština
Vydáno: Praha : Argo, 2001
Vydání: Vyd. 1.
Edice: Současná světová próza
Témata:
Externí odkaz: Digitalizovaný dokument
Fyzický popis: 74 s. ; 21 cm
Knihy
Uloženo v:
LEADER 01224nam a2200337 a 4500
001 000567699
003 CZ BrMZK
005 20011019143415.0
007 ta
008 000115s2001 xr cze d
015 |a cnb000888361 
020 |a 80-7203-337-9 
035 |a (OCoLC)50346949 
040 |a BOA001  |b cze 
041 1 |a cze  |h ger 
080 |a 821.112.2(436)-32  |2 MRF 
100 1 |a Hackl, Erich,  |d 1954-  |7 jn20010712007  |4 aut 
245 1 0 |a Loučení se Sidonií /  |c Erich Hackl ; [z němčiny přeložila Alena Bláhová] 
250 |a Vyd. 1. 
260 |a Praha :  |b Argo,  |c 2001 
300 |a 74 s. ;  |c 21 cm 
490 1 |a Současná světová próza ;  |v sv. 10 
500 |a Dostupné též v digitální podobě v aplikaci Kramerius 
655 7 |a rakouské povídky  |7 fd133221  |2 czenas 
700 1 |a Bláhová, Alena,  |d 1954-2024  |7 jn20000400201  |4 trl 
765 0 |t Abschied von Sidonie 
830 0 |a Současná světová próza  |0 s 
856 4 1 |u http://www.digitalniknihovna.cz/mzk/uuid/uuid:7d7ab760-32c2-11ea-b0e3-005056827e52  |y Digitalizovaný dokument  |x NDK 
910 |a BOA001  |b 2-1088.535 
990 |a BK 
996 6 |b 2610140366  |c 2-1088.535  |l MZK  |r Sklad / do 1 hodiny  |n 1  |p p.v.  |w 000567699  |u 000010  |a 1  |e BOA001  |j MZK50  |s P